000 00591cam a2200193 a 4500
001 000009405
005 20200929161601.0
008 980407s1997 ec a 000 j spa
040 _aDO-SdBNP
_cDLC
082 _aB869.4
_bA367z
100 1 _aAlemán, María Gabriela,
_d1968-
_924190
245 1 0 _aZoom :
_bcuentos /
_cMaría Gabriela Alemán.
260 _aQuito, (Ecuador) :
_bEskeletra,
_cc1997.
300 _a107 p. :
_bil. ;
_c20 cm.
650 4 _aCuentos brasileños
_924191
650 4 _aLiteratura brasileña
_ySIGLO XX
_94716
910 _aCatalogación por copia / LC
049 _aBNGR
999 _c9165
_d9165